Science Quiz

Random Science Quiz

Geology Bowen's Reaction Quiz Stats

 Plays Quiz not verified by Sporcle

Also try: Mammals by Order
Challenge
Share
Tweet
Embed
Score 0/8 Timer 05:00
0 Plays Today
Hint Mineral % Correct
Silicon DioxideQuartz
94.1%
Dark Mica Group MemberBiotite
90.5%
(Mg,Fe)2SiO4Olivine
85.7%
Light Mica Group MemberMuscovite
85.2%
Feldspar Group Containing CalciumPlagioclase
81.6%
Potassium-rich FeldsparOrthoclase
72.8%
General Formula XY(Si,Al)2O6Pyroxene
69.1%
Cleavage of 120 DegreesAmphibole
65.1%

You're not logged in!

Compare scores with friends on all Sporcle quizzes.
Join for Free
OR
Log In

You Might Also Like...

Show Comments

Extras

Created May 12, 2010SourceReportNominate
Tags:mineral, reaction

Top Quizzes Today


Score Distribution

Your Account Isn't Verified!

In order to create a playlist on Sporcle, you need to verify the email address you used during registration. Go to your Sporcle Settings to finish the process.

Report this User

Report this user for behavior that violates our Community Guidelines.

Details: